Normal view
MARC view
Entry Personal Name
001 - CONTROL NUMBER
- control field: 767290
003 - CONTROL NUMBER IDENTIFIER
- control field: OSt
005 - DATE AND TIME OF LATEST TRANSACTION
- control field: 20250508155705.0
008 - FIXED-LENGTH DATA ELEMENTS
- fixed length control field: 250508|| aca||aabn | a|a d
040 ## - CATALOGING SOURCE
- Original cataloging agency: OSt
- Transcribing agency: OSt
100 ## - HEADING--PERSONAL NAME
- Personal name: Joseph Surjo
670 ## - SOURCE DATA FOUND
- Source citation: Work cat.: (OSt)1358826: Joseph Surjo, Study of the curriculum of history (B.A.Honours) in the degree colleges of the university of Delhi, 1971
